[Event "Felix Cup 22nd"]
[Site "Felix Spa"]
[Date "2007.05.26"]
[Round "3"]
[White "Tudor, Alin Ciprian"]
[Black "Milea, Florian"]
[Result "1-0"]
[WhiteElo "2141"]
[BlackElo "1964"]
[PlyCount "71"]
[EventDate "2007.05.25"]
[EventType "swiss"]
[EventRounds "9"]
[EventCountry "ROU"]
[SourceTitle "CBM 118 Extra"]
[Source "ChessBase"]
[SourceDate "2007.07.04"]
[SourceVersion "1"]
[SourceVersionDate "2007.07.04"]
[SourceQuality "1"]

1. d4 Nf6 2. c4 e6 3. Nf3 b6 4. g3 Bb7 5. Bg2 Bb4+ 6. Bd2 Be7 7. Nc3 0-0 8. Qc2 d6 9. e4 Nbd7 10. 0-0 Re8 11. h3 a6 12. e5 dxe5 13. dxe5 Nh5 14. Rfe1 g6 15. g4 Ng7 16. Rad1 Qc8 17. Bh6 Rb8 18. Ne4 Rd8 19. Bg5 Bxe4 20. Qxe4 Bxg5 21. Nxg5 h6 22. Nf3 Nc5 23. Qe3 Kh7 24. Nd4 Qd7 25. b4 Nb7 26. Bf3 Qe8 27. Bc6 Qf8 28. Qf3 Rxd4 29. Rxd4 Qxb4 30. Red1 Nc5 31. Qxf7 Qb2 32. Qf6 Qe2 33. Rd8 Rxd8 34. Rxd8 Nd3 35. Rd7 Qe1+ 36. Kg2 1-0

[Event "ROM-ch U18"]
[Site "Sovata"]
[Date "2002.04.28"]
[Round "5"]
[White "Balla, Tamas Kristof"]
[Black "Tudor, Alin Ciprian"]
[Result "1/2-1/2"]
[WhiteElo "2088"]
[BlackElo "2151"]
[PlyCount "58"]
[EventDate "2002.04.24"]
[EventType "tourn"]
[EventRounds "11"]
[EventCountry "ROU"]
[SourceTitle "EXT 2008"]
[Source "ChessBase"]
[SourceDate "2007.11.25"]
[SourceVersion "1"]
[SourceVersionDate "2007.11.25"]
[SourceQuality "1"]

1. d4 Nf6 2. c4 e6 3. Nc3 Bb4 4. Qc2 0-0 5. a3 Bxc3+ 6. Qxc3 b6 7. Bg5 Bb7 8. f3 d5 9. e3 Nbd7 10. cxd5 exd5 11. Bd3 h6 12. Bh4 Re8 13. Ne2 Qe7 14. Bf2 c5 15. 0-0 Rac8 16. Qd2 Nb8 17. Nc3 Nc6 18. dxc5 bxc5 19. Na4 Ne5 20. Rac1 Nfd7 21. Bb5 Red8 22. Bg3 h5 23. Qc3 d4 24. exd4 cxd4 25. Qxd4 Rxc1 26. Rxc1 Qg5 27. f4 Nf3+ 28. gxf3 Qxb5 29. Qc4 Qf5 1/2-1/2

[Event "ROM-ch U18"]
[Site "Sovata"]
[Date "2002.04.27"]
[Round "4"]
[White "Tudor, Alin Ciprian"]
[Black "Dulman, Egmond Gabriel"]
[Result "0-1"]
[WhiteElo "2151"]
[BlackElo "2041"]
[PlyCount "52"]
[EventDate "2002.04.24"]
[EventType "tourn"]
[EventRounds "11"]
[EventCountry "ROU"]
[SourceTitle "EXT 2008"]
[Source "ChessBase"]
[SourceDate "2007.11.25"]
[SourceVersion "1"]
[SourceVersionDate "2007.11.25"]
[SourceQuality "1"]

1. e4 c6 2. Nc3 d5 3. Qf3 e6 4. d3 Bb4 5. Bd2 d4 6. Nb1 Bxd2+ 7. Nxd2 Nf6 8. 0-0-0 b5 9. e5 Nd5 10. Qg4 Qa5 11. Qxg7 Rf8 12. a3 Nc3 13. Nb3 Qa4 14. bxc3 dxc3 15. Re1 Qxa3+ 16. Kd1 a5 17. Qh6 a4 18. Nd4 Qb2 19. Qc1 c5 20. Ndf3 a3 21. Ke2 a2 22. Qa1 Qxc2+ 23. Ke3 b4 24. Rc1 Qxc1+ 25. Qxc1 a1Q 26. Qxa1 Rxa1 0-1

[Event "ROM-ch sf U16"]
[Site "Eforie Nord"]
[Date "2001.02.??"]
[Round "9"]
[White "Petre, Ioan Radu"]
[Black "Tudor, Alin Ciprian"]
[Result "0-1"]
[WhiteElo "1900"]
[BlackElo "2133"]
[PlyCount "114"]
[EventDate "2001.01.28"]
[EventType "swiss"]
[EventRounds "8"]
[EventCountry "ROU"]
[SourceTitle "EXT 2004"]
[Source "ChessBase"]
[SourceDate "2003.11.25"]
[SourceVersion "1"]
[SourceVersionDate "2003.11.25"]
[SourceQuality "1"]

1. e4 c5 2. Nf3 d6 3. d4 cxd4 4. Nxd4 Nc6 5. Nc3 Qb6 6. Nb3 Nf6 7. Be3 Qc7 8. Be2 e6 9. f4 a6 10. 0-0 b5 11. a3 Be7 12. Bf3 0-0 13. Qd2 Bb7 14. Rad1 Rad8 15. Qf2 Nd7 16. Rd3 b4 17. axb4 Nxb4 18. Rd4 a5 19. Rfd1 Ba6 20. Ra1 Bf6 21. Rd2 Nc6 22. Nd4 Nxd4 23. Bxd4 Rb8 24. b3 Rfc8 25. Bxf6 Nxf6 26. Ne2 Rb4 27. Ng3 Bb7 28. Rad1 d5 29. e5 Nd7 30. Ne2 Nb6 31. Nd4 a4 32. bxa4 Nxa4 33. Re1 Qd7 34. Be2 Nc3 35. Bd3 Nb1 36. Rdd1 Nc3 37. Ra1 Ne4 38. Qe3 Qc7 39. Nb5 Qd7 40. Reb1 Rxb1+ 41. Rxb1 Ra8 42. Bxe4 dxe4 43. Nd6 Bc6 44. Nxe4 Qd5 45. Qa7 h6 46. Rb8+ Rxb8 47. Qxb8+ Kh7 48. Qb6 Qxe4 49. Qf2 Ba4 50. h3 Qxc2 51. Qg3 Bc6 52. Kh2 h5 53. h4 Qxg2+ 54. Qxg2 Bxg2 55. Kxg2 Kg6 56. Kf2 Kf5 57. Kf3 g6 0-1

[Event "ROM-ch U16"]
[Site "Sovata"]
[Date "2001.??.??"]
[Round "9"]
[White "Amarita, Andrei"]
[Black "Tudor, Alin Ciprian"]
[Result "0-1"]
[WhiteElo "2055"]
[BlackElo "2130"]
[PlyCount "86"]
[EventDate "2001.03.31"]
[EventType "tourn"]
[EventRounds "11"]
[EventCountry "ROU"]
[SourceTitle "EXT 2008"]
[Source "ChessBase"]
[SourceDate "2007.11.25"]
[SourceVersion "1"]
[SourceVersionDate "2007.11.25"]
[SourceQuality "1"]

1. d4 Nf6 2. c4 e6 3. Nf3 b6 4. g3 Ba6 5. Nbd2 c5 6. Bg2 Nc6 7. e3 Be7 8. 0-0 0-0 9. b3 Rc8 10. Bb2 cxd4 11. exd4 d5 12. Re1 dxc4 13. bxc4 Na5 14. Ne5 Bb4 15. Re3 Bxd2 16. Qxd2 Nxc4 17. Nxc4 Bxc4 18. Rc1 Bd5 19. Bf1 Qd7 20. Rxc8 Rxc8 21. Qb4 Bxa2 22. Bb5 Qb7 23. Ra3 a5 24. Qd6 Bd5 25. Rc3 Ra8 26. Rc7 Qb8 27. Ba3 Qd8 28. Qxb6 Rb8 29. Qc5 h6 30. Bd3 Be4 31. Bxe4 Nxe4 32. Qa7 Rb1+ 33. Kg2 Qd5 34. Rc8+ Kh7 35. Qa8 Qxd4 36. Rc2 Qd3 37. Qc6 Qf1+ 38. Kf3 Qh1+ 39. Kf4 Rb3 40. Be7 Qf3+ 41. Ke5 Rb5+ 42. Bc5 Rxc5+ 43. Rxc5 Qf5+ 0-1

[Event "ROM-ch sf U16"]
[Site "Eforie Nord"]
[Date "2001.??.??"]
[Round "7"]
[White "Amarita, Andrei"]
[Black "Tudor, Alin Ciprian"]
[Result "1/2-1/2"]
[WhiteElo "2056"]
[BlackElo "2133"]
[PlyCount "25"]
[EventDate "2001.01.28"]
[EventType "swiss"]
[EventRounds "8"]
[EventCountry "ROU"]
[SourceTitle "EXT 2004"]
[Source "ChessBase"]
[SourceDate "2003.11.25"]
[SourceVersion "1"]
[SourceVersionDate "2003.11.25"]
[SourceQuality "1"]

1. d4 Nf6 2. c4 g6 3. Nc3 Bg7 4. e4 d6 5. Nf3 0-0 6. Be2 Nbd7 7. 0-0 e5 8. dxe5 Nxe5 9. Nxe5 dxe5 10. Qxd8 Rxd8 11. Bg5 c6 12. Rfd1 Be6 13. h3 1/2-1/2

[Event "ROM-ch sf U16"]
[Site "Eforie Nord"]
[Date "2001.??.??"]
[Round "?"]
[White "Tudor, Alin Ciprian"]
[Black "Enoiu, Alexandru Ionut"]
[Result "1/2-1/2"]
[WhiteElo "2133"]
[BlackElo "1650"]
[PlyCount "90"]
[EventDate "2001.01.28"]
[EventType "swiss"]
[EventRounds "8"]
[EventCountry "ROU"]
[SourceTitle "EXT 2004"]
[Source "ChessBase"]
[SourceDate "2003.11.25"]
[SourceVersion "1"]
[SourceVersionDate "2003.11.25"]
[SourceQuality "1"]

1. Nf3 Nf6 2. c4 e6 3. d4 d5 4. Nc3 Nbd7 5. cxd5 exd5 6. Bg5 Be7 7. Qc2 0-0 8. e3 Re8 9. Bd3 c6 10. 0-0 Nf8 11. Ne5 Bd6 12. f4 Qc7 13. Rae1 N6d7 14. Rf3 f6 15. Nxd7 Bxd7 16. Bh4 Re7 17. h3 h6 18. Qf2 Rae8 19. Rc1 Qb8 20. Nd1 Be6 21. Bg3 Bf7 22. f5 Bh5 23. Bxd6 Qxd6 24. g4 Bf7 25. h4 Nd7 26. Rg3 c5 27. g5 hxg5 28. hxg5 fxg5 29. Nc3 a6 30. dxc5 Nxc5 31. Bb1 Qe5 32. Rd1 Nd7 33. Rd3 Nf6 34. Rxg5 Ne4 35. Nxe4 dxe4 36. Rd4 Qf6 37. Qg2 Re5 38. Qg4 Rc5 39. Bxe4 Rc1+ 40. Kf2 Qh6 41. Qg3 Rxe4 42. Rxe4 Rc2+ 43. Kg1 Rc1+ 44. Kf2 Rc2+ 45. Kg1 Rc1+ 1/2-1/2

[Event "ROM-ch U16"]
[Site "Sovata"]
[Date "2001.??.??"]
[Round "6"]
[White "Tudor, Alin Ciprian"]
[Black "Manescu, Tiberiu"]
[Result "1-0"]
[WhiteElo "2130"]
[BlackElo "2125"]
[PlyCount "65"]
[EventDate "2001.03.31"]
[EventType "tourn"]
[EventRounds "11"]
[EventCountry "ROU"]
[SourceTitle "EXT 2008"]
[Source "ChessBase"]
[SourceDate "2007.11.25"]
[SourceVersion "1"]
[SourceVersionDate "2007.11.25"]
[SourceQuality "1"]

1. d4 Nf6 2. c4 c5 3. d5 g6 4. Nc3 d6 5. e4 Bg7 6. Nf3 0-0 7. Be2 e6 8. 0-0 exd5 9. cxd5 Na6 10. Nd2 Nc7 11. a4 Rb8 12. Nc4 Re8 13. f3 Nh5 14. g4 Bd4+ 15. Kg2 Ng7 16. Bf4 Be5 17. Nxe5 dxe5 18. Be3 b6 19. f4 f6 20. fxe5 fxe5 21. d6 Nce6 22. Bb5 Rf8 23. Qd5 Rxf1 24. Rxf1 Qh4 25. d7 Qxg4+ 26. Kh1 Bb7 27. d8Q+ Rxd8 28. Qxb7 Nf4 29. Bxf4 exf4 30. Bc4+ Kh8 31. Qc7 Nh5 32. Qxd8+ Kg7 33. Qd3 1-0

[Event "ROM-ch sf"]
[Site "Baile Tusnad"]
[Date "2000.??.??"]
[Round "5"]
[White "Tudor, Alin Ciprian"]
[Black "Carmaciu, Lucian Catalin"]
[Result "1/2-1/2"]
[WhiteElo "2087"]
[BlackElo "2284"]
[PlyCount "125"]
[EventDate "2000.05.??"]
[EventType "swiss"]
[EventRounds "11"]
[EventCountry "ROU"]
[SourceTitle "EXT 2001"]
[Source "ChessBase"]
[SourceDate "2000.11.22"]
[SourceVersion "1"]
[SourceVersionDate "2000.11.22"]
[SourceQuality "1"]

1. d4 Nf6 2. Nf3 d5 3. c4 c6 4. e3 Bf5 5. Nc3 e6 6. b3 Bb4 7. Bd2 Nbd7 8. Be2 0-0 9. 0-0 Bd6 10. Nh4 Ne4 11. Nxf5 exf5 12. Bd3 Nxc3 13. Bxc3 g6 14. Qf3 Nf6 15. Qh3 Ng4 16. g3 Re8 17. Rae1 h5 18. Qg2 Kg7 19. Bd2 Nf6 20. f3 Bc7 21. Bc3 Kg8 22. e4 dxc4 23. bxc4 Ba5 24. Qb2 Bxc3 25. Qxc3 fxe4 26. fxe4 c5 27. d5 Ng4 28. e5 Qg5 29. h4 Qh6 30. e6 fxe6 31. dxe6 Re7 32. Be4 Qg7 33. Qxg7+ Kxg7 34. Bd5 Rf8 35. Rxf8 Kxf8 36. Rf1+ Kg7 37. a4 b6 38. a5 bxa5 39. Ra1 Kf6 40. Rxa5 Rc7 41. Ra6 Ke5 42. Ra2 Nf6 43. Re2+ Kd6 44. Kf2 Nxd5 45. cxd5 c4 46. Ke1 c3 47. Kd1 Re7 48. Re3 Kxd5 49. Rxc3 Rxe6 50. Ra3 a6 51. Ra5+ Kc4 52. Rg5 Kb4 53. Kc2 a5 54. g4 hxg4 55. Rxg4+ Ka3 56. Kc3 Rb6 57. Kc2 a4 58. Kc1 Rb2 59. Rxa4+ Kxa4 60. Kxb2 Kb4 61. Kc2 Kc4 62. Kd2 Kd4 63. h5 1/2-1/2

[Event "ROM-ch sf"]
[Site "Baile Tusnad"]
[Date "2000.??.??"]
[Round "10"]
[White "Tudor, Alin Ciprian"]
[Black "Hristodorescu, Daniel"]
[Result "1/2-1/2"]
[WhiteElo "2087"]
[BlackElo "2249"]
[PlyCount "101"]
[EventDate "2000.05.??"]
[EventType "swiss"]
[EventRounds "11"]
[EventCountry "ROU"]
[SourceTitle "EXT 2001"]
[Source "ChessBase"]
[SourceDate "2000.11.22"]
[SourceVersion "1"]
[SourceVersionDate "2000.11.22"]
[SourceQuality "1"]

1. d4 Nf6 2. c4 g6 3. Nf3 Bg7 4. g3 0-0 5. Bg2 d6 6. 0-0 Nbd7 7. Nc3 e5 8. e4 exd4 9. Nxd4 Re8 10. h3 a6 11. Re1 Rb8 12. Rb1 Ne5 13. b3 c5 14. Nc2 b5 15. cxb5 axb5 16. f4 Ned7 17. Qxd6 Rb6 18. Qd3 b4 19. Nd1 Ba6 20. Qd2 Kh8 21. Bb2 Rbe6 22. e5 Ng8 23. Nf2 f5 24. Rbd1 Bc8 25. Bd5 Ra6 26. Bxg8 Rxg8 27. e6 Bxb2 28. exd7 Bb7 29. Nxb4 Bd4 30. Nxa6 Bxa6 31. b4 Qxd7 32. bxc5 Rd8 33. Qxd4+ Qxd4 34. Rxd4 Rxd4 35. Rc1 Kg7 36. c6 Kf7 37. c7 Bc8 38. a4 Ke6 39. a5 Kd7 40. h4 Bb7 41. Rd1 Rxd1+ 42. Nxd1 Kxc7 43. h5 gxh5 44. Ne3 Be4 45. Kh2 h4 46. gxh4 Kc6 47. Kg3 Kb5 48. h5 h6 49. a6 Kxa6 50. Nc4 Bd5 51. Ne5 1/2-1/2

[Event "ROM-ch sf"]
[Site "Baile Tusnad"]
[Date "2000.??.??"]
[Round "6"]
[White "Tudor, Alin Ciprian"]
[Black "Rusan, Paul Cristian"]
[Result "1-0"]
[WhiteElo "2087"]
[BlackElo "2225"]
[PlyCount "111"]
[EventDate "2000.05.??"]
[EventType "swiss"]
[EventRounds "11"]
[EventCountry "ROU"]
[SourceTitle "EXT 2001"]
[Source "ChessBase"]
[SourceDate "2000.11.22"]
[SourceVersion "1"]
[SourceVersionDate "2000.11.22"]
[SourceQuality "1"]

1. d4 Nf6 2. c4 g6 3. Nc3 Bg7 4. Nf3 0-0 5. g3 d6 6. Bg2 Nc6 7. d5 Na5 8. Nd2 c5 9. Qc2 a6 10. 0-0 Rb8 11. b3 b5 12. Bb2 bxc4 13. bxc4 Bh6 14. f4 Ng4 15. Rf3 e5 16. h3 exf4 17. hxg4 fxg3 18. Rxg3 Bxd2 19. Qxd2 Nxc4 20. Qh6 f5 21. Bc1 Qf6 22. Bg5 Qd4+ 23. Kh1 fxg4 24. Rd1 Qe5 25. Qh4 Bf5 26. Rf1 h5 27. e4 Bd7 28. Bf6 g5 29. Qxg5+ Qxg5 30. Bxg5 Rxf1+ 31. Bxf1 Ne5 32. Bxa6 c4 33. a4 Rb3 34. Bf6 h4 35. Bxh4 Nf3 36. Bf6 Kf7 37. Bxc4 Ra3 38. Bb5 Bc8 39. Bh8 Kg8 40. Bf6 Kf7 41. Nb1 Re3 42. Bc3 Rxe4 43. Nd2 Re1+ 44. Kg2 Nh4+ 45. Kf2 Rc1 46. Ne4 Rc2+ 47. Ke1 Kg6 48. Bd3 Ra2 49. Nxd6+ Kh5 50. Nxc8 Rxa4 51. d6 Rf4 52. d7 Rf8 53. Bf6 Nf3+ 54. Rxf3 gxf3 55. d8Q Rxd8 56. Bxd8 1-0

[Event "Techirghiol op"]
[Site "Techirghiol"]
[Date "1999.??.??"]
[Round "?"]
[White "Barzanu, Iulian"]
[Black "Tudor, Alin Ciprian"]
[Result "1-0"]
[WhiteElo "2145"]
[BlackElo "2115"]
[PlyCount "85"]
[EventDate "1999.??.??"]
[EventType "swiss"]
[EventRounds "9"]
[EventCountry "ROU"]
[SourceTitle "EXT 2004"]
[Source "ChessBase"]
[SourceDate "2003.11.25"]
[SourceVersion "1"]
[SourceVersionDate "2003.11.25"]
[SourceQuality "1"]

1. c4 Nf6 2. Nc3 g6 3. Nf3 Bg7 4. g3 d6 5. Bg2 0-0 6. 0-0 e5 7. d3 c6 8. Rb1 a5 9. a3 Be6 10. b4 axb4 11. axb4 Nbd7 12. Ng5 d5 13. Nxe6 fxe6 14. e4 d4 15. Na4 b6 16. Qb3 Qe7 17. f4 Rab8 18. Bd2 Kh8 19. Bh3 Nh5 20. c5 exf4 21. Qxe6 Qxe6 22. Bxe6 Ne5 23. Bxf4 Nxf4 24. gxf4 Nxd3 25. Nxb6 Nxf4 26. Bd7 Ne2+ 27. Kg2 Nc3 28. Bxc6 Nxb1 29. Rxb1 Rf7 30. Bd5 Re7 31. Nc4 d3 32. b5 Bd4 33. c6 Bb6 34. Rb3 Ra7 35. Rxd3 Bc7 36. Rb3 Ra2+ 37. Kf1 Rf8+ 38. Ke1 Rff2 39. e5 Rxh2 40. Rb1 Bd8 41. b6 Bh4+ 42. Kf1 Rhf2+ 43. Kg1 1-0

[Event "Techirghiol op"]
[Site "Techirghiol"]
[Date "1999.??.??"]
[Round "?"]
[White "Tufa, Mihai"]
[Black "Tudor, Alin Ciprian"]
[Result "0-1"]
[WhiteElo "2215"]
[BlackElo "2116"]
[PlyCount "148"]
[EventDate "1999.??.??"]
[EventType "swiss"]
[EventRounds "9"]
[EventCountry "ROU"]
[SourceTitle "EXT 2004"]
[Source "ChessBase"]
[SourceDate "2003.11.25"]
[SourceVersion "1"]
[SourceVersionDate "2003.11.25"]
[SourceQuality "1"]

1. e4 c6 2. d4 d5 3. exd5 cxd5 4. c4 Nf6 5. Nc3 e6 6. Bf4 Bd6 7. Bxd6 Qxd6 8. c5 Qe7 9. f4 0-0 10. b4 Ne4 11. Nxe4 dxe4 12. Bc4 Rd8 13. Ne2 Nc6 14. Qd2 b6 15. b5 Nxd4 16. Nxd4 Qxc5 17. Nb3 Rxd2 18. Nxc5 Rd4 19. Bb3 bxc5 20. Rc1 Bd7 21. Rxc5 Rb4 22. Kd2 Rxb5 23. Rxb5 Bxb5 24. Ke3 Rc8 25. Rg1 Bd3 26. g4 Kf8 27. f5 exf5 28. gxf5 Rc6 29. Bd5 Rc2 30. h3 Bc4 31. Bxe4 Rxa2 32. f6 gxf6 33. Bxh7 Ra3+ 34. Kd4 Be6 35. h4 Ra4+ 36. Ke3 f5 37. Rf1 Ra5 38. Rg1 Ra4 39. Rf1 Rxh4 40. Bxf5 Bxf5 41. Rxf5 Ra4 42. Rc5 Ke7 43. Kf3 Kd6 44. Rf5 Ke6 45. Rc5 f5 46. Rc6+ Kd5 47. Rf6 Ke5 48. Rc6 Ra3+ 49. Kf2 f4 50. Rc5+ Kd4 51. Rc7 a5 52. Rf7 Ke5 53. Re7+ Kf6 54. Re4 Kf5 55. Re8 Ra4 56. Kf3 Rd4 57. Ra8 Rd3+ 58. Kf2 Ra3 59. Re8 a4 60. Rf8+ Ke4 61. Re8+ Kd5 62. Rf8 Ke4 63. Re8+ Kd3 64. Rf8 Ra2+ 65. Kf3 a3 66. Rd8+ Kc3 67. Kxf4 Rd2 68. Rc8+ Kb2 69. Ke3 Rc2 70. Rb8+ Kc1 71. Kd3 a2 72. Ra8 Kb1 73. Rg8 a1Q 74. Rg1+ Rc1 0-1

[Event "Centrocoop Sept op-A"]
[Site "Eforie Nord"]
[Date "1998.??.??"]
[Round "?"]
[White "Potkin, Vladimir"]
[Black "Tudor, Alin Ciprian"]
[Result "1-0"]
[WhiteElo "2300"]
[BlackElo "2125"]
[PlyCount "75"]
[EventDate "1998.09.??"]
[EventType "swiss"]
[EventRounds "11"]
[EventCountry "ROU"]
[SourceTitle "EXT 2000"]
[Source "ChessBase"]
[SourceDate "1999.11.16"]
[SourceVersion "1"]
[SourceVersionDate "1999.11.16"]
[SourceQuality "1"]

1. e4 d6 2. d4 Nf6 3. Nc3 g6 4. Nf3 Bg7 5. Be2 0-0 6. 0-0 c6 7. a4 Qc7 8. Bf4 Nh5 9. Be3 e5 10. Qd2 Nd7 11. a5 Nhf6 12. h3 exd4 13. Bxd4 Re8 14. Bc4 Ne5 15. Nxe5 dxe5 16. Bc5 Be6 17. Bxe6 Rxe6 18. Qe3 Qb8 19. Rfd1 Bf8 20. Na4 Bxc5 21. Nxc5 Re7 22. a6 b6 23. Nb7 Qc7 24. Rd6 Kg7 25. Rad1 Rd7 26. Rxd7 Nxd7 27. Qd3 Nf6 28. f3 Re8 29. Qd6 Qc8 30. b4 h6 31. Rd3 Re6 32. Qd8 Re8 33. Qxc8 Rxc8 34. Rd8 Rxd8 35. Nxd8 c5 36. Nc6 Nd7 37. Nxa7 Nb8 38. b5 1-0

[Event "Centrocoop Sept op-A"]
[Site "Eforie Nord"]
[Date "1998.??.??"]
[Round "?"]
[White "Tudor, Alin Ciprian"]
[Black "Kozinov, Aleksandr E"]
[Result "1-0"]
[WhiteElo "2125"]
[BlackElo "1750"]
[PlyCount "51"]
[EventDate "1998.09.??"]
[EventType "swiss"]
[EventRounds "11"]
[EventCountry "ROU"]
[SourceTitle "EXT 2000"]
[Source "ChessBase"]
[SourceDate "1999.11.16"]
[SourceVersion "1"]
[SourceVersionDate "1999.11.16"]
[SourceQuality "1"]

1. d4 d5 2. c4 e6 3. Nc3 Nf6 4. cxd5 exd5 5. Bg5 Nbd7 6. Nf3 c6 7. e3 Be7 8. Bd3 0-0 9. Qc2 h6 10. Bf4 Re8 11. 0-0 Nh5 12. Nxd5 Nxf4 13. Nxe7+ Qxe7 14. exf4 Qf6 15. Rfe1 Rd8 16. f5 Nb6 17. Be4 Bd7 18. Kh1 Rac8 19. g4 Nd5 20. Rg1 g5 21. fxg6 Nf4 22. g5 hxg5 23. gxf7+ Kxf7 24. Nxg5+ Ke7 25. Qc5+ Qd6 26. Qxd6+ 1-0

[Event "Centrocoop Sept op-A"]
[Site "Eforie Nord"]
[Date "1998.??.??"]
[Round "?"]
[White "Tudor, Alin Ciprian"]
[Black "Kutnik, Alexandru"]
[Result "0-1"]
[WhiteElo "2125"]
[BlackElo "2230"]
[PlyCount "46"]
[EventDate "1998.09.??"]
[EventType "swiss"]
[EventRounds "11"]
[EventCountry "ROU"]
[SourceTitle "EXT 2000"]
[Source "ChessBase"]
[SourceDate "1999.11.16"]
[SourceVersion "1"]
[SourceVersionDate "1999.11.16"]
[SourceQuality "1"]

1. d4 c5 2. d5 e6 3. c4 exd5 4. cxd5 d6 5. e4 g6 6. Nc3 Bg7 7. Bf4 a6 8. Qa4+ Bd7 9. Qb3 Qc7 10. Bxd6 Qxd6 11. Qxb7 Ne7 12. Qxa8 Qb6 13. Nge2 0-0 14. Rb1 Nc8 15. g3 Nd6 16. Bg2 Rd8 17. 0-0 Nc6 18. Qxd8+ Nxd8 19. Rfe1 f5 20. exf5 Bxf5 21. Rbc1 Qxb2 22. Na4 Qa3 23. Nxc5 Bb2 0-1

[Event "Centrocoop Sept op-A"]
[Site "Eforie Nord"]
[Date "1998.??.??"]
[Round "?"]
[White "Tudor, Alin Ciprian"]
[Black "Urmosi, Al"]
[Result "1-0"]
[WhiteElo "2125"]
[BlackElo "1695"]
[PlyCount "111"]
[EventDate "1998.09.??"]
[EventType "swiss"]
[EventRounds "11"]
[EventCountry "ROU"]
[SourceTitle "EXT 2000"]
[Source "ChessBase"]
[SourceDate "1999.11.16"]
[SourceVersion "1"]
[SourceVersionDate "1999.11.16"]
[SourceQuality "1"]

1. c4 Nf6 2. Nf3 c5 3. Nc3 Nc6 4. g3 g6 5. Bg2 Bg7 6. 0-0 0-0 7. d3 d6 8. h3 Bd7 9. Be3 e5 10. Bg5 h6 11. Bxf6 Bxf6 12. e3 Bg7 13. Nd2 f5 14. Qe2 Kh7 15. Rad1 Re8 16. Nb5 Bc8 17. Nb3 a6 18. Nc3 Nd4 19. Qd2 Nc6 20. Ne2 Qf6 21. d4 cxd4 22. exd4 e4 23. Nc3 Rb8 24. Nd5 Qd8 25. f3 b5 26. cxb5 axb5 27. fxe4 fxe4 28. Qc2 e3 29. Rfe1 Bd7 30. Rxe3 Rxe3 31. Nxe3 Qg5 32. Nf1 Rc8 33. Qd2 Qf6 34. Ne3 h5 35. Nd5 Qd8 36. Qe2 Qg5 37. Qe3 Qxe3+ 38. Nxe3 Bh6 39. Nd5 Bf5 40. Rf1 Kg7 41. Nf4 Nb4 42. Nxh5+ Kh8 43. Nf6 Be3+ 44. Kh2 Rc2 45. a3 Na2 46. g4 Bd3 47. Rf3 Re2 48. Kg3 Bc4 49. Na5 g5 50. Nh5 Bd5 51. Rf8+ Bg8 52. Bd5 Bxd4 53. Bxa2 Re3+ 54. Kg2 Re2+ 55. Kf1 d5 56. Kxe2 1-0

[Event "Techirghiol op-B"]
[Site "Techirghiol"]
[Date "1998.??.??"]
[Round "?"]
[White "Valeanu, Eduard Andrei"]
[Black "Tudor, Alin Ciprian"]
[Result "0-1"]
[WhiteElo "1665"]
[BlackElo "2180"]
[PlyCount "77"]
[EventDate "1998.09.??"]
[EventType "swiss"]
[EventRounds "9"]
[EventCountry "ROU"]
[SourceTitle "EXT 2000"]
[Source "ChessBase"]
[SourceDate "1999.11.16"]
[SourceVersion "1"]
[SourceVersionDate "1999.11.16"]
[SourceQuality "1"]

1. Nf3 g6 2. g3 Bg7 3. Bg2 d6 4. 0-0 Nf6 5. d3 0-0 6. e4 e5 7. Ne1 c6 8. h3 d5 9. exd5 cxd5 10. Nc3 Nc6 11. Bg5 Be6 12. Qd2 Qd7 13. Bxf6 Bxf6 14. Kh2 Rac8 15. Ne2 Bg7 16. c3 d4 17. c4 f5 18. f3 f4 19. g4 g5 20. b4 Qd6 21. c5 Qd7 22. Rc1 Ne7 23. Bh1 Kf7 24. Ng1 Rh8 25. Qe2 h5 26. Kg2 Bd5 27. Kh2 Be6 28. Kg2 Nd5 29. Nc2 Nc3 30. Qe1 hxg4 31. fxg4 Bxg4 32. Kf2 Bxh3 33. Nf3 Qf5 34. Rg1 g4 35. Ncxd4 g3+ 36. Rxg3 fxg3+ 37. Kxg3 Qf4+ 38. Kf2 exd4 39. Rxc3 0-1